1249 1586 1141 1906 1173 1338 1650 1737 1276 1917 1563 1526 1760 1594 1648 1319 1547 1561 1341 1163 1541 1363 1563 1899 1639 1465 1071 1928 1269 1502 1234 1815 1727 1469 1842 1581 1133 1572 1044 1536 1286 1886 1993 1189 1335 1180 1512 1351 1370 1306 1452 1593 1832 1282 1636 1560 1820 1280 1259 1074 1160 1164 1249 1911 1335 1830 1104 1372 1588 1812 1472 1146 1817 1103 1896 1671 1433 1729 1350 1300 1857 1473 1553 1897 1499 1366 1079 1262 1940 1973 1544 1892 1478 1658 1260 1514 1089 1077 1832 BCNSPRNW ULIB Ver.6.0+V

เปลี่ยนเป็นภาษาไทย

Change to English
 แสดงรายละเอียดบรรณานุกรม
  กลับหน้าหลัก

Brief Record : Get Marc (ISO 2709) : E-mail record : QR code < ปิดหน้าต่าง
LEADER : 00000nam 2200000uu 4500
001    13399114883
003     ULIB
008    120613s2545||||th 000 0 tha d
060 04 ^aWA546^bร661ค 2545
110 1  ^aกระทรวงสาธารณสุข กรมสุขภาพจิต
245 00 ^aคู่มือฝึกอบรมผู้ปฏิบัติงานในศูนย์สุขภาพชุมชนหลักสูตรบริการชุมชน/^cรุจิรา มังคละศิริ,
260    นนทบุรี :^bกรมสุขภาพจิต,^c2545
300    ^a149 หน้า.
650  7 ^aการดำเนินงานศูนย์สุขภาพชุมชน
700 0  ^aรุจิรา มังคละศิริ,^eบรรณาธิการ
710 2  ^aสำนักงานสาธารณสุข กรมสุขภาพจิต
945    ^p0^l0^i24518
945    ^p0^l0^i24519
995    ^aกัณชพร
999    ^aใช้งานได้ทุกระบบ
รายการนี้ยังไม่มีแท็ก
คุณยังไม่ได้ล็อกอิน คุณสามารถมีกิจกรรมร่วมกับเว็บไซต์ได้ แต่ต้องล็อกอินก่อน ::
  ล็อกอิน

รายการสื่อสารสนเทศ

ลำดับที่ ประเภท เลขเรียก/บาร์โค้ด สถานที่ สถานะ
- ไม่พบข้อมูล -

รายการใกล้เคียง
    หัวเรื่อง [การดำเนินงานศูนย์สุขภาพชุมชน]

BibComment


ยังไม่เคยถูกคอมเมนท์

คอมเมนท์ทรัพยากรรายการนี้
  คอมเมนท์: คู่มือฝึกอบรมผู้..


 Copyright 2026. Bcnsprnw @Library